Affordable housing provisions in selected housing finance reform proposals /

Bibliographic Details
Main Authors: Hoskins, Sean M. (Author), Jones, Katie (Analyst in housing policy) (Author), Weiss, N. Eric (Author)
Format: Government Document Database
Language:English
Published: [Washington, D.C.] : Congressional Research Service, [2018?]-
Edition:[Library of Congress public edition].
Series:CRS report ; R43507.
Subjects:
Online Access:https://purl.fdlp.gov/GPO/gpo126527

MARC

Tag First Indicator Second Indicator Subfields
LEADER 00000cai a2200000 i 4500
001 in00004084530
005 20211120103145.0
006 m o d f
007 cr mn|||||||||
008 191002c20189999dcu x w obb f0 2eng c
010 |a  2019253731 
035 |a (OCoLC)on1121453534 
042 |a pcc 
043 |a n-us--- 
040 |a GPO  |b eng  |e rda  |e pn  |c GPO  |d GPO  |d MvI 
049 |a WWW 
074 |a 0807-A-07 (online) 
086 0 |a LC 14.23:R 43507/ 
100 1 |a Hoskins, Sean M.,  |e author. 
245 1 0 |a Affordable housing provisions in selected housing finance reform proposals /  |c Sean M. Hoskins, Katie Jones, N. Eric Weiss. 
250 |a [Library of Congress public edition]. 
264 1 |a [Washington, D.C.] :  |b Congressional Research Service,  |c [2018?]- 
300 |a 1 online resource. 
310 |a Updated irregularly 
336 |a text  |b txt  |2 rdacontent 
337 |a computer  |b c  |2 rdamedia 
338 |a online resource  |b cr  |2 rdacarrier 
490 1 |a Report / Congressional Research Service ;  |v R43507 
500 |a The CRS report home page provides access to all versions published since 2018 in accordance with P.L. 115-141; earliest version dated 2014. 
504 |a Report includes bibliographical references. 
588 |a Description based on contents viewed on Oct. 02, 2019; title from CRS report home page. 
650 0 |a Housing  |x Finance  |x Government policy  |z United States. 
650 0 |a Low-income housing  |z United States. 
650 0 |a Housing policy  |z United States. 
700 1 |a Jones, Katie  |c (Analyst in housing policy),  |e author. 
700 1 |a Weiss, N. Eric,  |e author. 
710 2 |a Library of Congress.  |b Congressional Research Service,  |e issuing body. 
773 0 8 |i Contained in (work):  |t CRS reports (Library of Congress. Congressional Research Service)  |w (DLC) 2018231131  |w (OCoLC)1052784408 
830 0 |a CRS report ;  |v R43507. 
856 4 0 |u https://purl.fdlp.gov/GPO/gpo126527  |t 0 
999 f f |s 507aa588-9e31-3364-855d-efd3e114aa5d  |i 46c415e0-ef8e-38c7-91dc-a99e4b3e9b03  |t 0 
952 f f |a Texas A&M University  |b College Station  |c Electronic Resources  |d Available Online  |t 0  |e LC 14.23:R 43507/  |h Superintendent of Documents classification 
998 f f |a LC 14.23:R 43507/  |t 0  |l Available Online